000 00527nam#a2200193#c#4500
003 IEF
005 20180219163550.0
008 950601s1976 uuu####fr####| 0||u| |u
040 _aIEF
100 1 _aShepherd, William G.
_91164
245 _aPublic Enterprise : Economic Analysis of Theory and Practice
260 _aLexington (Massachusetts)
_b Lexington Books
_c1976
300 _a238 p.
_c 23 cm.
650 4 _aEMPRESAS PUBLICAS
_943602
650 4 _aESTUDIOS
_943582
942 _cLIB
942 _z52524
999 _c82207
_d82207